Phyto Chemistry (Record no. 187583)

MARC details
000 -LEADER
fixed length control field 00368nam a2200145Ia 4500
008 - FIXED-LENGTH DATA ELEMENTS--GENERAL INFORMATION
fixed length control field 230917s9999||||xx |||||||||||||| ||und||
040 ## - CATALOGING SOURCE
-- 14503
Original cataloging agency VIVEKANANDA LIBRARY
041 ## - Language
-- English
082 ## - DDC NUMBER
Classification number 581.192 M615P(V2)
100 ## - MAIN ENTRY--PERSONAL NAME
Personal name Miller, lawrence P, ed.
245 #0 - TITLE STATEMENT
Title Phyto Chemistry
260 ## - PUBLICATION, DISTRIBUTION, ETC. (IMPRINT)
Place of publication, distribution, etc New york
Name of publisher, distributor, etc Van Nostrand Reinhold
Date of publication, distribution, etc 1973
300 ## - PHYSICAL DESCRIPTION
Pages xiv,445 p.
942 ## - ADDED ENTRY ELEMENTS (KOHA)
Koha item type Books
Holdings
Withdrawn status Lost status Damaged status Not for loan Location (home branch) Sublocation or collection (holding branch) Date acquired Koha issues (times borrowed) Koha full call number Accession No. Koha date last seen Koha item type
        VIVEKANANDA LIBRARY VIVEKANANDA LIBRARY 08/08/2002   581.192 M615P(V2) 43665 17/09/2023 Books
© Designed and Maintained by Vivekananda Library, MDU Rohtak